Statistics for Gangster Actors

Click here to take the quiz!

General Stats

  • This quiz has been taken 118 times
    (86 since last reset)
  • The average score is 7 of 18

Answer Stats

RolesAnswer% Correct
Michael Corleone, Tony Montana, Carlito BriganteAl Pacino
96%
John Civello, Vito Corleone, David Aaronson, Al Capone, Jimmy Conway, Neil McCauleyRobert De Niro
92%
Vito Corleone, Carmine Sabatini, MaxMarlon Brando
86%
Frankie Minaldi, Tommy DeVito, Nicky SantoroJoe Pesci
73%
Virgil, Tony SopranoJames Gandolfini
69%
Mr. Pink, Test Tube, Carl Showalter, Enoch "Nucky" ThompsonSteve Buscemi
47%
Jules Winfield, Ordell RobbieSamuel L. Jackson
42%
Tom Powers, William "Rocky" Sullivan, Eddie Bartlett, Arthur Cody JarrettJames Cagney
41%
Charlie Cappa, Mickey Cohen, Mr. WhiteHarvey Keitel
39%
Caesar Enrico Bandello, Johnny RoccoEdward G. Robinson
24%
Frank White, Vincenzo Coccotti, Hans KieslowskiChristopher Walken
19%
Yann Le Petrec "Dobermann", Kirill, Jacques MesrineVincent Cassel
18%
Meyer Lansky, Don LoganBen Kingsley
16%
Harold Shand, GeorgeBob Hoskins
15%
Tom Reagan, Dean KeatonGabriel Byrne
14%
Jef Costello, Roch Siffredi, CoreyAlain Delon
11%
Murakawa, Aniki YamamotoTakeshi Kitano
11%
Pépé, Vittorio ManaleseJean Gabin
8%

Score Distribution

Percentile by Number Answered

Percent of People with Each Score

Your Score History

You have not taken this quiz since the last reset